Nota peperiksaan SPM : Prinsip Akaun

Bibliographic Details
Main Author: Tey Li Chin
Format: Book
Published: Petaling Jaya : Preston , 1995
Subjects:

MARC

LEADER 00000cam a2200000 7i4500
001 0000006088
002 000006578
005 20000330.0
020 |a 9679173496 
090 0 0 |a 657   |b TEY 
100 0 |a Tey Li Chin 
245 1 0 |a Nota peperiksaan SPM :   |b Prinsip Akaun   |c Tey Li Chin 
260 |a Petaling Jaya :   |b Preston ,   |c 1995 
300 |a 481p. ;   |c 288cm. 
650 0 0 |a Accounting   |x SPM 
999 |a 033364   |b BUKU   |c RUJUKAN   |e PERPUSTAKAAN KOMUNITI PETALING JAYA 
999 |a 033366   |b BUKU   |c RUJUKAN   |e PERPUSTAKAAN KOMUNITI PETALING JAYA 
999 |a 038220   |b BUKU   |c RUJUKAN   |e PERPUSTAKAAN KOMUNITI PETALING JAYA 
999 |a 038221   |b BUKU   |c RUJUKAN   |e PERPUSTAKAAN KOMUNITI PETALING JAYA 
999 |a 045790   |b BUKU   |c PINJAMAN   |e PERPUSTAKAAN KOMUNITI PETALING JAYA 
999 |a 045791   |b BUKU   |c PINJAMAN   |e PERPUSTAKAAN KOMUNITI PETALING JAYA